Detalles MARC
| 000 -LIDER |
| fixed length control field |
02025nam a2200337 a 4500 |
| 001 - NÚMERO DE CONTROL |
| Identificador de número de control |
000000517 |
| 003 - IDENTIFICACDOR DE NÚMERO DE CONTROL |
| control field |
DO-SdBNP |
| 005 - DATE AND TIME OF LATEST TRANSACTION |
| control field |
20171011132015.0 |
| 007 - CAMPOS FIJOS DE DESCRIPCIÓN FÍSICA |
| fixed length control field |
000000517 |
| 008 - ELEMENTOS DE LONGITUD FIJA |
| fixed length control field |
081128s1977 dr ac 000 0 spa d |
| 020 ## - ISBN |
| International Standard Book Number |
9788484010104 |
| 040 ## - FUENTE DE CATALOGACIÓN |
| Agencia que crea de manera original el registro |
BPMSU |
| Idioma de catalogación |
spa |
| Agencia que realiza la transcripción |
BPMSU |
| 082 #4 - NÚMERO DE CLASIFICACIÓN DECIMAL DE DEWEY |
| Classification number |
972.93 |
| Item number |
S366s |
| 100 1# - ASIENTO PRINCIPAL -- NOMBRE PERSONAL |
| Nombre personal |
Schoenrich, Otto |
| 240 10 - TITULO UNIFORME |
| Título uniforme |
Santo Domingo a country with a future |
| Idioma de una obra |
español |
| 245 10 - MENCIÓN DE TITULO |
| Título |
Santo Domingo un país con futuro / |
| Mención de responsabilidad |
Otto Schoenrich ; traducción Eduardo Villanueva. |
| 260 ## - PUBLICACIÓN, DISTRIBUCIÓN, ETC. (PIE DE IMPRENTA) |
| Lugar de publicación, distribución, etc |
Santo Domingo : |
| Nombre del editor, distribuidor, etc. |
Editora de Santo Domingo, |
| Fecha de publicación, distribución, etc |
1977. |
| 300 ## - DESCRIPCIÓN FÍSICA |
| Extensión |
368 p. : |
| Otros detalles físicos |
il., retrs. ; |
| Dimensiones |
23 cm. |
| 500 ## - NOTA GENERAL |
| Nota general |
Traducción de: Santo Domingo a country with a future |
| 505 0# - NOTA DE CONTENIDO |
| Título |
Bosquejo histórico. Días de la conquista 1492 a 1533 -- |
| -- |
Bosquejo histórico, vicisitudes coloniales -- 1533 a 1801 -- |
| -- |
Bosquejo histórico -- Cambios de gobierno 1801 a 1844 -- |
| -- |
Bosquejo histórico -- Primera República y anexión Española 1844 a 1865 -- |
| -- |
Bosquejo histórico. Segunda República. Revoluciones y dictaduras 1863 a 1904 -- |
| -- |
Bosquejo histórico -- Influencia americana 1904 a la fecha (1918) -- |
| -- |
Área y fronteras -- |
| -- |
Topografía y clima -- |
| -- |
Geología y minerales -- |
| -- |
Flora y fauna -- |
| -- |
La gente -- |
| -- |
Religión -- |
| -- |
Educación y literatura -- |
| -- |
Medios de transporte y comunicación -- |
| -- |
Comercio -- |
| -- |
Ciudades y pueblos -- |
| -- |
Los restos de Colón -- |
| -- |
Gobierno -- |
| -- |
Política y revoluciones -- |
| -- |
Leyes y justicia -- |
| -- |
La deuda dominicana y el tratado fiscal con los Estados Unidos -- |
| -- |
Finanzas -- |
| -- |
El futuro de Santo Domingo. |
| 581 ## - PUBLICATIONS ABOUT DESCRIBED MATERIALS NOTE |
| Publications about described materials note |
Publicado originalmente en inglés en 1918. |
| 650 #4 - ENCABEZAMIENTO DE MATERIA--TEMÁTICO |
| Término temático o nombre geográfico como elemento de entrada |
CIUDADES Y PUEBLOS |
| Subdivisión geográfica |
REPÚBLICA DOMINICANA |
| 651 #4 - ENCABEZAMIENTO DE MATERIA--NOMBRE GEOGRÁFICO |
| Nombre geográfico |
REPÚBLICA DOMINICANA |
| Subdivisión temática general |
HISTORIA |
| 651 #4 - ENCABEZAMIENTO DE MATERIA--NOMBRE GEOGRÁFICO |
| Nombre geográfico |
REPÚBLICA DOMINICANA |
| Subdivisión temática general |
VIDA SOCIAL Y COSTUMBRES |
| 651 #4 - ENCABEZAMIENTO DE MATERIA--NOMBRE GEOGRÁFICO |
| Nombre geográfico |
REPÚBLICA DOMINICANA |
| Subdivisión temática general |
DESCRIPCIONES Y VIAJES |
| 700 12 - ASIENTO SECUNDARIO -- NOMBRE PERSONAL |
| Nombre personal |
Villanueva, Eduardo, |
| Mención de responsabilidad |
tr. |
| 910 ## - VALIDACIÓN |
| Validación |
Validado. Control de calidad BNPHU |
| 942 ## - ADDED ENTRY ELEMENTS (KOHA) |
| Source of classification or shelving scheme |
Dewey Decimal Classification |
| Koha item type |
Libros |
| 945 ## - INFORMACIÓN DE PROCESAMIENTO LOCAL |
| Información de procesamiento local |
Inventariado / 2017 VM |
| 956 ## - LOCAL ELECTRONIC LOCATION AND ACCESS (OCLC) |
| Nombre de host |
VMATEO |
| Número de acceso |
10 |
| Información de compresión |
20150723 |
| Inicio de sesión |
BPMSU |
| Procesador de solicitud |
00151 |